000 01285cab a2200241 4500
001 ABS68526
008 041206n2004 000 0 eng u
035 _a(Sirsi) u128214
100 _aGillman, S.
245 _aLand regeneration
260 _c2004
490 _aPlanning (for the Natural and Built Environment)
_v(1597) 26 November 2004, 14-18(4)
520 _aA series of three articles looking at land generation issues. "Land regeneration takes centre stage" calls for the creation of a development strategy framework to fully utilise available brownfield sites. Includes case study of Hatfield business park. Looks at the use of compulsory purchase orders as a means of unlocking brownfield sites for development. "Developers bemoan hurdles" suggests that European directives and court rulings on landfill waste such as "Van de Walle v Texaco Belgium SA ([2004] EUECJ C-1/03)"are hindering brownfield developers. "The remediation challenge" identifies key remediation issues affecting brownfield development.
590 _aABS
650 _aREGENERATION
650 _aLAND
650 _aBROWNFIELD SITES
650 _aCONTAMINATED LAND
650 _aREMEDIATION
650 _aVAN DE WALLE V TEXACO BELGIUM SA
690 _aDEVELOPMENT-SUSTAINABLE
942 _n0
999 _c74652
_d74652